<?xml version="1.0" encoding="UTF-8"?><?xml-stylesheet type="text/xsl" href="static/style.xsl"?><OAI-PMH xmlns="http://www.openarchives.org/OAI/2.0/" xmlns:xsi="http://www.w3.org/2001/XMLSchema-instance" xsi:schemaLocation="http://www.openarchives.org/OAI/2.0/ http://www.openarchives.org/OAI/2.0/OAI-PMH.xsd"><responseDate>2026-04-17T02:07:08Z</responseDate><request verb="GetRecord" identifier="oai:www.recercat.cat:10256/24106" metadataPrefix="marc">https://recercat.cat/oai/request</request><GetRecord><record><header><identifier>oai:recercat.cat:10256/24106</identifier><datestamp>2024-06-18T12:33:48Z</datestamp><setSpec>com_2072_452955</setSpec><setSpec>com_2072_2054</setSpec><setSpec>col_2072_453072</setSpec></header><metadata><record xmlns="http://www.loc.gov/MARC21/slim" xmlns:dcterms="http://purl.org/dc/terms/" xmlns:xsi="http://www.w3.org/2001/XMLSchema-instance" xmlns:doc="http://www.lyncode.com/xoai" xsi:schemaLocation="http://www.loc.gov/MARC21/slim http://www.loc.gov/standards/marcxml/schema/MARC21slim.xsd">
   <leader>00925njm 22002777a 4500</leader>
   <datafield ind2=" " ind1=" " tag="042">
      <subfield code="a">dc</subfield>
   </datafield>
   <datafield ind2=" " ind1=" " tag="720">
      <subfield code="a">Keller, Dagmar</subfield>
      <subfield code="e">author</subfield>
   </datafield>
   <datafield ind2=" " ind1=" " tag="720">
      <subfield code="a">Gracia Blanco, Manuel de</subfield>
      <subfield code="e">author</subfield>
   </datafield>
   <datafield ind2=" " ind1=" " tag="720">
      <subfield code="a">Cladellas i Pros, Ramon</subfield>
      <subfield code="e">author</subfield>
   </datafield>
   <datafield ind2=" " ind1=" " tag="260">
      <subfield code="c">2011-09</subfield>
   </datafield>
   <datafield ind2=" " ind1=" " tag="520">
      <subfield code="a">Introduction. The main goal of this work was to identify subgroups of patients with fibromyalgia (FM) by means of a frequently used clinical tool, the Fibromyalgia Impact Questionnaire (FIQ). Methodology. A total of 66 women diagnosed with FM participated in the study. Two subgroups of patients were identified by analysis of a hierarchical cluster of selected items from the FIQ (pain, fatigue, morning tiredness, stiffness, anxiety and depressive symptoms). Results. The type I FM-group had very high levels of fatigue, morning tiredness and anxiety, and high levels of joint stiffness, pain and depressive symptoms, while the type II FM-group had predominantly moderate levels of fatigue and morning tiredness, with moderate low levels of pain and stiffness along with a low level of depression and anxiety. Conclusions. Type I FM-group also had lower healthrelated quality of life, especially through emotional reactions and social isolation as well as more psychopathological affections than presented by type II FM-group</subfield>
   </datafield>
   <datafield ind2=" " ind1=" " tag="520">
      <subfield code="a">Introducción. El objetivo principal de este trabajo fue iden- tificar subgrupos de pacientes con fibromialgia (FM) a partir de una herramienta clínica de uso frecuente, el Fibromyalgia Impact Questionnaire (FIQ). Metodología. Un total de 66 mujeres con diagnóstico de FM participaron en este estudio. Mediante un análisis de conglo- merados jerárquico de ítems seleccionados del FIQ (dolor, fatiga, cansancio matutino, rigidez, ansiedad y síntomas depresivos), se identificaron 2 subgrupos de pacientes con FM. Resultados. El grupo de FM tipo I mostró niveles muy ele- vados de fatiga, cansancio matutino y ansiedad, y niveles altos en rigidez articular, dolor y síntomas depresivos. El grupo de FM tipo II presentó un predominio de niveles moderados de fatiga y cansancio matutino, con niveles moderadamente bajos de dolor y rigidez articular, junto a un nivel bajo en depresión y ansiedad. Conclusiones. El grupo de FM tipo I se caracteriza también por tener una baja calidad de vida relacionada con la salud, espe- cialmente en reacciones emocionales y aislamiento social, junto a una mayor afectación de la esfera psicopatológica que la presen- tada por el grupo de FM tipo-II</subfield>
   </datafield>
   <datafield ind1="8" ind2=" " tag="024">
      <subfield code="a">http://hdl.handle.net/10256/24106</subfield>
   </datafield>
   <datafield tag="653" ind2=" " ind1=" ">
      <subfield code="a">Fibromiàlgia</subfield>
   </datafield>
   <datafield tag="653" ind2=" " ind1=" ">
      <subfield code="a">Psicopatologia</subfield>
   </datafield>
   <datafield tag="653" ind2=" " ind1=" ">
      <subfield code="a">Qualitat de vida</subfield>
   </datafield>
   <datafield tag="653" ind2=" " ind1=" ">
      <subfield code="a">Fibromyalgia</subfield>
   </datafield>
   <datafield tag="653" ind2=" " ind1=" ">
      <subfield code="a">Pathological psychology</subfield>
   </datafield>
   <datafield tag="653" ind2=" " ind1=" ">
      <subfield code="a">Quality of life</subfield>
   </datafield>
   <datafield ind2="0" ind1="0" tag="245">
      <subfield code="a">Subtipos de pacientes con Fibromialgia, características psicopatológicas y calidad de vida</subfield>
   </datafield>
</record></metadata></record></GetRecord></OAI-PMH>